|
|
|
|
| LEADER |
00000nam a2200000 a 4500 |
| 001 |
vtls011780770 |
| 003 |
SK-MaSNL |
| 005 |
20260301143231.0 |
| 008 |
251112 1679 gw 001 0 ger |
| 015 |
|
|
|a SNBHFA1679
|
| 020 |
|
|
|q (viaz.)
|
| 040 |
|
|
|a SNKHF
|b slo
|c SNK
|e AACR2
|
| 041 |
|
|
|a ger
|
| 044 |
|
|
|a gw
|c DE
|
| 072 |
|
7 |
|a 37
|x Výchova a vzdelávanie
|2 konspekt
|
| 080 |
|
|
|a 37.01
|2 2011
|
| 080 |
|
|
|a 37.01/.09
|2 2011
|
| 080 |
|
|
|a 808.5
|2 2011
|
| 100 |
1 |
|
|a Weise, Christian,
|d 1642-1708
|4 aut
|9 436657
|
| 245 |
1 |
0 |
|a Christian Weisens Politischer Redner/ Das ist/ Kurtze und eigentliche Nachricht/ wie ein sorgfältiger Hofmeister seine Untergebene zu der Wolredenheit anführen soll ... : Alles mit gnugsamen Regeln/ anständigen Exempeln/ und endlich mit einem nützlichen Register ausgefertiget
|
| 260 |
|
|
|a Leipzig
|b Bey Timoth. Ritzschens sel. Erben zu finden/ Gedruckt bey Benjamin Christian Ritzschen
|c Jm Jahr Christi 1679
|
| 300 |
|
|
|a Zachovaných [12], 926 strán
|b portrét
|c 8°
|c 17 cm
|
| 500 |
|
|
|a Titulný list v červeno čiernej tlači, vinety, vlys, ozdobné iniciálky na 3, 7 riadkov, portrét autora, kustody
|
| 508 |
|
|
|a Predslov autora
|
| 510 |
4 |
|
|a VD17 3:005355R
|
| 546 |
|
|
|a Nemčina
|b Fraktúra
|
| 561 |
|
|
|a Z knižnice Učenej spoločnosti malohontskej.
|5 SNK ID 100397; ID 100397 D1
|
| 562 |
|
|
|a Defekt: Na konci knihy chýbajúce strany.
|5 SNK ID 100397; ID 100397 D1
|
| 563 |
|
|
|a Väzba: svetložltá koža.
|5 SNK ID 100397
|
| 563 |
|
|
|a Väzba: svetložltá koža.
|5 SNK ID 100397 D1
|
| 650 |
0 |
7 |
|a pedagogika
|2 SNKPH
|9 955
|
| 650 |
0 |
7 |
|a výchova a vzdelávanie
|2 SNKPH
|9 1684
|
| 650 |
0 |
7 |
|a rétorika
|2 SNKPH
|9 989
|
| 700 |
1 |
|
|a Ritzsch, Benjamin Christian
|4 prt
|9 499864
|
| 710 |
2 |
|
|a Učená spoločnosť malohontská
|4 fmo
|9 205374
|
| 710 |
0 |
|
|a Ritzsch, Benjamin Christian (Leipzig, Nemecko),
|d 1678 - 1679
|4 prt
|9 499865
|
| 752 |
|
|
|a Nemecko
|d Leipzig
|
| 852 |
|
|
|a snk
|b Historické fondy
|p ID 100397; ID 100397 D1
|
| 999 |
|
|
|c 773021
|d 774951
|
| 952 |
|
|
|t MHC XIV. J. A. 6
|a SNK
|b SNK
|c SNK_HF
|y PREZ
|7 0
|p 17A1131102
|o snkID 100397
|i snk2018/19330
|8 5
|0 0
|1 0
|4 0
|d 2018-09-25
|l 0
|r 2026-02-24 00:40:36
|w 2026-02-24
|
| 952 |
|
|
|t MHC 1024
|a SNK
|b SNK
|c SNK_HF
|y PREZ
|7 0
|p 17A1131093
|o snkID 100397 D1
|i snk2019/2390
|8 5
|0 0
|1 0
|4 0
|d 2019-01-28
|l 0
|r 2026-02-24 00:40:36
|w 2026-02-24
|